书目信息 |
| 题名: |
人类的故事
|
|
| 作者: | 房龙, 著 ;齐植珩 译 | |
| 分册: | ||
| 出版信息: | 长沙 湖南教育出版社 1999.08 |
|
| 页数: | 383页 | |
| 开本: | 22cm | |
| 丛书名: | 世界科普名著精选 | |
| 单 册: | ||
| 中图分类: | K109 | |
| 科图分类: | ||
| 主题词: | 人类学--普及读物 , 世界史--通俗读物 | |
| 电子资源: | ||
| ISBN: | 7-5355-2858-9 | |
| 000 | 01046nam 2200301 450 | |
| 001 | 0140908150 | |
| 005 | 20051025093053.84 | |
| 010 | @a7-5355-2858-9@dCNY30.40 | |
| 100 | @a20040908d1999 km y0chiy0120 ea | |
| 101 | 1 | @achi@ceng |
| 102 | @aCN@b430000 | |
| 105 | @aab z 000yy | |
| 200 | 1 | @a人类的故事@Aren lei de gu shi@f(美)亨·房龙著@F(mei)heng·fang long zhu@g齐植珩 … [等] 译@Gqi zhi heng…[deng]yi |
| 210 | @a长沙@c湖南教育出版社@d1999.08 | |
| 215 | @a383页@c图, 地图@d22cm | |
| 225 | 2 | @a世界科普名著精选 |
| 306 | @a根据George G·Harrap1929年版译出 | |
| 312 | @a英文并列题名取自版权页。 | |
| 330 | @a本书从人类的起源开始,主要讲述了人类社会自文明产生至第一次世界大战结束的历史。 | |
| 410 | 0 | @12001 @a世界科普名著精选 |
| 510 | 1 | @aStory of mankind@zeng |
| 606 | 0 | @a人类学@j普及读物 |
| 606 | 0 | @a世界史@j通俗读物 |
| 690 | @aK109@v4 | |
| 701 | 1 | @a房龙,@AFang Long,@bH W.@g(Van Loon, Hendrik Willem),@f1882-1944@4著 |
| 702 | 0 | @a齐植珩@Aqi zhi heng@4译 |
| 801 | 0 | @aCN@bQSSK@c20051025 |
| 905 | @a10447@dK109@eF288 | |
| 人类的故事/(美)亨·房龙著/齐植珩 … [等] 译.-长沙:湖南教育出版社,1999.08 |
| 383页:图, 地图;22cm.-(世界科普名著精选) |
| ISBN 7-5355-2858-9:CNY30.40 |
| 本书从人类的起源开始,主要讲述了人类社会自文明产生至第一次世界大战结束的历史。 |
| ● |
| 相关链接 |
|
|
|
正题名:人类的故事
索取号:K109/F288
 
预约/预借
| 序号 | 登录号 | 条形码 | 馆藏地/架位号 | 状态 | 备注 |
| 1 | 571788 | 205717884 | 社科库309/309社科库 104排2列3层/ [索取号:K109/F288] | 在馆 | |
| 2 | 571789 | 205717893 | 社科库309/ [索取号:K109/F288] | 在馆 | |
| 3 | 571790 | 205717900 | 社科库309/309社科库 104排2列3层/ [索取号:K109/F288] | 在馆 |